La Empresa pública y su control / Andrés-Santiago Suárez Suárez ; [prólogo por José María Fernández Pirla]
Descripción Física:
65 p. ; 24 cm
Otros Autores:
Fernández Pirla, José María
MARC
| LEADER | 00000nam a2200000Ia 4500 | ||
|---|---|---|---|
| 001 | 21494 | ||
| 008 | 160829s1984 xx 000 0 cat d | ||
| 080 | |a M-6-200 | ||
| 100 | |a Suárez Suárez, Andrés-Santiago |9 42474 | ||
| 245 | |a La Empresa pública y su control / Andrés-Santiago Suárez Suárez ; [prólogo por José María Fernández Pirla] | ||
| 260 | |a Madrid : |b Tribunal de Cuentas. Servicio de Publicaciones, |c 1984 | ||
| 300 | |a 65 p. ; |c 24 cm | ||
| 650 | |a Empreses públiques |x Espanya |9 42475 | ||
| 650 | |a Sector públic |x Espanya |9 26128 | ||
| 700 | |a Fernández Pirla, José María |9 35098 | ||
| 901 | |a Arxiu | ||
| 942 | |n 1 | ||
| 952 | |0 0 |1 0 |4 0 |6 M6200 |7 1 |9 50860 |a Arxiu |b Arxiu |d 2016-12-01 |l 0 |o M-6-200 |p 21494 |r 2016-12-01 00:00:00 |w 2016-12-01 |y ARXIU | ||
| 999 | |c 54702 |d 54702 | ||